Catálogo
 En Linea

Championship handball : (Registro nro. 4063)

Detalles MARC
000 -CABECERA
campo de control de longitud fija 00841cam a2200241 a 4500
001 - NÚMERO DE CONTROL
campo de control 000004249
005 - FECHA Y HORA DE LA ÚLTIMA TRANSACCIÓN
campo de control 20200929151422.0
008 - DATOS DE LONGITUD FIJA--INFORMACIÓN GENERAL
campo de control de longitud fija 860128r1976 xxua 000 0 eng
020 ## - NÚMERO INTERNACIONAL ESTÁNDAR DEL LIBRO
Número Internacional Estándar del Libro 0918438047
040 ## - FUENTE DE LA CATALOGACIÓN
Centro catalogador/agencia de origen DO-SdBNP
Lengua de catalogación spa
Centro/agencia transcriptor BNPHU
082 ## - NÚMERO DE LA CLASIFICACIÓN DECIMAL DEWEY
Número de clasificación 796.312
Número de documento/Ítem C452h
245 00 - MENCIÓN DE TÍTULO
Título Championship handball :
Resto del título by the experts /
Mención de responsabilidad, etc. edición, John W. Reznik.
260 ## - PUBLICACIÓN, DISTRIBUCIÓN, ETC.
Lugar de publicación, distribución, etc. West Point, New York :
Nombre del editor, distribuidor, etc. Leisure Press,
Fecha de publicación, distribución, etc. 1976.
300 ## - DESCRIPCIÓN FÍSICA
Extensión 192 p. :
Otras características físicas il. ;
Dimensiones 23 cm.
490 0# - MENCIÓN DE SERIE
Mención de serie West Point sports
490 0# - MENCIÓN DE SERIE
Mención de serie fitness series
Designación de volumen o secuencia 2
500 ## - NOTA GENERAL
Nota general "Artículos seleccionados de Balonmano, la voz oficial de los Estados Unidos de Balonmano Asociación. "
650 #4 - PUNTO DE ACCESO ADICIONAL DE MATERIA--TÉRMINO DE MATERIA
Término de materia o nombre geográfico como elemento de entrada Balonmano
9 (RLIN) 12556
650 #4 - PUNTO DE ACCESO ADICIONAL DE MATERIA--TÉRMINO DE MATERIA
Término de materia o nombre geográfico como elemento de entrada Juegos de pelota
9 (RLIN) 12557
700 1# - PUNTO DE ACCESO ADICIONAL--NOMBRE DE PERSONA
Nombre de persona Reznik, John W.
Término indicativo de función/relación ed.
9 (RLIN) 12558
730 0# - PUNTO DE ACCESO ADICIONAL--TÍTULO UNIFORME
Título uniforme Handball.
9 (RLIN) 12559
830 #0 - PUNTO DE ACCESO ADICIONAL DE SERIE-TÍTULO UNIFORME
Título uniforme West Point sports,
Nombre de parte o sección de la obra fitness series ;
Número de parte o sección de la obra 2
9 (RLIN) 12560
Existencias
Estado de retiro Estado de pérdida Restricciones de uso No para préstamo Código de colección Localización permanente Ubicación/localización actual Ubicación en estantería Fecha de adquisición Número de inventario Total de préstamos Signatura topográfica completa Código de barras Fecha visto por última vez Precio válido a partir de Tipo de ítem Koha Número de copia
    Préstamo interno   Monografías: Libros y Folletos General General Depósito 20.07.2009 LF1   796.312 C452h 4249-10 25.06.2020 25.06.2020 Préstamo interno  
  Extraviado   Excluido de préstamo Monografías: Libros y Folletos Patrimonio Dominicano Patrimonio Dominicano Extraviado 10.04.2017 LF1   796.312 C452h 4249-20 25.06.2020 25.06.2020 No se presta e. 2

Con tecnología Koha